সিগমুন্ড ফ্রয়েড : (Record no. 2597)
[ view plain ]
| 000 -LEADER | |
|---|---|
| fixed length control field | 01126nam a22002297a 4500 |
| 003 - CONTROL NUMBER IDENTIFIER | |
| control field | BD-DhJNU |
| 005 - DATE AND TIME OF LATEST TRANSACTION | |
| control field | 20260208034958.0 |
| 008 - FIXED-LENGTH DATA ELEMENTS--GENERAL INFORMATION | |
| fixed length control field | 260201b |||||||| |||| 00| 0 eng d |
| 020 ## - INTERNATIONAL STANDARD BOOK NUMBER | |
| International Standard Book Number | 9789849792185 |
| 040 ## - CATALOGING SOURCE | |
| Original cataloging agency | BD-DhJNU |
| Language of cataloging | BEN |
| Transcribing agency | BD-DhJNU |
| Modifying agency | BD-DhJNU |
| 082 ## - DEWEY DECIMAL CLASSIFICATION NUMBER | |
| Edition number | 23 |
| Classification number | 150.1952 |
| 100 ## - MAIN ENTRY--PERSONAL NAME | |
| Personal name | স্টর, এন্থনি |
| 242 ## - TRANSLATION OF TITLE BY CATALOGING AGENCY | |
| Title | Sigmund Freud : |
| Remainder of title | short review / |
| Statement of responsibility, etc. | Anthony Storr and Remin Raihan Khan (translator) |
| 245 ## - TITLE STATEMENT | |
| Title | সিগমুন্ড ফ্রয়েড : |
| Remainder of title | সংক্ষিপ্ত পর্যালোচনা / |
| Statement of responsibility, etc. | এন্থনি স্টর এবং রেমিন রায়হান খান (অনুবাদক) |
| 260 ## - PUBLICATION, DISTRIBUTION, ETC. | |
| Place of publication, distribution, etc. | ঢাকা : |
| Name of publisher, distributor, etc. | দিব্যপ্রকাশ, |
| Date of publication, distribution, etc. | 2025. |
| 300 ## - PHYSICAL DESCRIPTION | |
| Extent | ১৪৩ পৃ. : |
| Dimensions | ২১ সে.মি.। |
| 504 ## - BIBLIOGRAPHY, ETC. NOTE | |
| Bibliography, etc. note | গ্রন্থপঞ্জিগত নির্দেশিকা ও নিঘন্ট অন্তভূক্ত |
| 650 ## - SUBJECT ADDED ENTRY--TOPICAL TERM | |
| Topical term or geographic name entry element | Psychoanalysis |
| 650 ## - SUBJECT ADDED ENTRY--TOPICAL TERM | |
| Topical term or geographic name entry element | মনোবিশ্লেষণ |
| 700 ## - ADDED ENTRY--PERSONAL NAME | |
| Personal name | খান, রেমিন রায়হান |
| Relator term | অনুবাদক |
| 942 ## - ADDED ENTRY ELEMENTS (KOHA) | |
| Source of classification or shelving scheme | Dewey Decimal Classification |
| Koha item type | Books |
| Suppress in OPAC | No |
| Withdrawn status | Lost status | Source of classification or shelving scheme | Damaged status | Not for loan | Collection | Home library | Current library | Shelving location | Date acquired | Source of acquisition | Total checkouts | Full call number | Barcode | Date last seen | Copy number | Price effective from | Koha item type |
|---|---|---|---|---|---|---|---|---|---|---|---|---|---|---|---|---|---|
| Dewey Decimal Classification | Non-fiction | Jagannath University Central Library | Jagannath University Central Library | General stacks | 02/01/2026 | Purchased | 150.1952 STS | JNUCL36206 | 02/01/2026 | 1 | 02/01/2026 | Books |